<?xml version="1.0" encoding="UTF-8"?>
<record
    xmlns:xsi="http://www.w3.org/2001/XMLSchema-instance"
    xsi:schemaLocation="http://www.loc.gov/MARC21/slim http://www.loc.gov/standards/marcxml/schema/MARC21slim.xsd"
    xmlns="http://www.loc.gov/MARC21/slim">

  <leader>00637nam a2200205Ia 4500</leader>
  <controlfield tag="008">200826s9999||||xx |||||||||||||| ||und||</controlfield>
  <datafield tag="020" ind1=" " ind2=" ">
    <subfield code="a">9579642931</subfield>
  </datafield>
  <datafield tag="020" ind1=" " ind2=" ">
    <subfield code="a">9789579642934</subfield>
  </datafield>
  <datafield tag="041" ind1=" " ind2=" ">
    <subfield code="a">chi</subfield>
  </datafield>
  <datafield tag="050" ind1=" " ind2=" ">
    <subfield code="a">BT75.3 </subfield>
    <subfield code="b">.L45 2006</subfield>
  </datafield>
  <datafield tag="100" ind1=" " ind2=" ">
    <subfield code="a">&#x674E;&#x9326;&#x7DB8;</subfield>
  </datafield>
  <datafield tag="245" ind1=" " ind2="0">
    <subfield code="a">&#x9053;&#x6210;&#x8089;&#x8EAB;&#x6551;&#x8D16;&#x6E90; : </subfield>
    <subfield code="b">&#x737B;&#x7D66;&#x4E2D;&#x570B;&#x7684;&#x6559;&#x6703;&#x795E;&#x5B78; /</subfield>
    <subfield code="c">&#x674E;&#x9326;&#x7DB8;</subfield>
  </datafield>
  <datafield tag="246" ind1=" " ind2=" ">
    <subfield code="a">&#x9053;&#x6210;&#x8089;&#x8EAB;&#x6551;&#x8D4E;&#x6E90; :</subfield>
    <subfield code="b">&#x732E;&#x7ED9;&#x4E2D;&#x56FD;&#x7684;&#x6559;&#x4F1A;&#x795E;&#x5B66;/</subfield>
  </datafield>
  <datafield tag="260" ind1=" " ind2=" ">
    <subfield code="a">&#x53F0;&#x5317;&#x5E02; : </subfield>
    <subfield code="b">&#x4E2D;&#x798F;&#x51FA;&#x7248;&#x6709;&#x9650;&#x516C;&#x53F8;,</subfield>
    <subfield code="c">2006</subfield>
  </datafield>
  <datafield tag="300" ind1=" " ind2=" ">
    <subfield code="a">xvi, 392 p. :</subfield>
    <subfield code="b">ill. ;</subfield>
    <subfield code="c">23 cm.</subfield>
  </datafield>
  <datafield tag="650" ind1=" " ind2=" ">
    <subfield code="a">Theology China.</subfield>
  </datafield>
  <datafield tag="650" ind1=" " ind2=" ">
    <subfield code="a">Theology, Doctrinal China.</subfield>
  </datafield>
  <datafield tag="650" ind1=" " ind2=" ">
    <subfield code="a">Theology, Doctrinal.</subfield>
  </datafield>
  <datafield tag="952" ind1=" " ind2=" ">
    <subfield code="0">0</subfield>
    <subfield code="1">0</subfield>
    <subfield code="4">0</subfield>
    <subfield code="7">0</subfield>
    <subfield code="a">GETS</subfield>
    <subfield code="b">GETS</subfield>
    <subfield code="c">GEN</subfield>
    <subfield code="d">2020-08-26</subfield>
    <subfield code="l">4</subfield>
    <subfield code="m">1</subfield>
    <subfield code="o">BT75.3 .L45 2006</subfield>
    <subfield code="p">00009186</subfield>
    <subfield code="r">2026-04-06 13:06:35</subfield>
    <subfield code="s">2026-02-12</subfield>
    <subfield code="w">2020-08-26</subfield>
    <subfield code="y">CB</subfield>
  </datafield>
  <datafield tag="999" ind1=" " ind2=" ">
    <subfield code="c">21548</subfield>
    <subfield code="d">21548</subfield>
  </datafield>
</record>
